Normal view MARC view

Entry Nombre personal

Number of records used in: 1

001 - NÚMERO DE CONTROL

  • campo de control: 1055

003 - IDENTIFICADOR DE NÚMERO DE CONTROL

  • campo de control: DLC

005 - FECHA Y HORA DE LA ÚLTIMA TRANSACCIÓN

  • campo de control: 20260415100611.0

008 - ELEMENTOS DE DATO DE LONGITUD-FIJA

  • campo de control de longitud fija: 130214n| azannaabn |a aaa c

010 ## - NÚMERO DE CONTROL DE LA BIBLIOTECA DEL CONGRESO

  • Número de control de LC: no2013017090

035 ## - NÚMERO DE CONTROL DEL SISTEMA

  • Número de control de sistema: (OCoLC)oca09406287

040 ## - FUENTE DE CATALOGACIÓN

  • Centro catalogador/agencia de origen: NN
  • Lengua de catalogación: eng
  • Normas de descripción: rda
  • Centro/agencia transcriptor: NN
  • Centro/agencia modificador: DLC

046 ## - FECHAS CON CODIFICACIÓN ESPECIAL

  • Fecha de nacimiento: 1982-12

100 1# - ENCABEZAMIENTO-NOMBRE DE PERSONA

  • Nombre de persona: Sanguineti, Mercedes,
  • Fechas asociadas al nombre: 1982-

370 ## - LUGAR ASOCIADO

  • Lugar de nacimiento: Buenos Aires (Argentina)
  • Fuente del término: naf

373 ## - GRUPO ASOCIADO

  • Grupo asociado: DIGA

374 ## - OCUPACIÓN

  • Ocupación: Journalists
  • Fuente del término: lcsh

374 ## - OCUPACIÓN

  • Ocupación: Producers and directors
  • Fuente del término: lcshac

375 ## - GÉNERO/SEXO

  • Género: female

377 ## - IDIOMA ASOCIADO

  • Código del idioma: spa

400 1# - TRAZADO DE VÉASE--NOMBRE DE PERSONA

  • Subcampo de control: nne
  • Nombre de persona: Sanguinetti, Mercedes,
  • Fechas asociadas al nombre: 1982-

670 ## - FUENTE DE DATOS ENCONTRADOS

  • Cita de la fuente: Sarmiento periodista, c2012:
  • Información encontrada: t.p. (Mercedes Sanguineti) back cover flap (b. Dec. 1982 in Buenos Aires, Argentina; has degree in History; MA in journalism from the Universidad de San Andrés-Clarín; has produced radio and television programs and written for different medias; part of DIGA, group of journalists investigating policy and communication; was producer and writer of the series on history and literature, Impreso en Argentina)

670 ## - FUENTE DE DATOS ENCONTRADOS

  • Cita de la fuente: Belgrano, 2013:
  • Información encontrada: t.p. (Mercedes Sanguineti)

670 ## - FUENTE DE DATOS ENCONTRADOS

  • Cita de la fuente: Her LinkedIn page, via WWW, Jan. 30, 2015
  • Información encontrada: (Mercedes Sanguineti)

670 ## - FUENTE DE DATOS ENCONTRADOS

  • Cita de la fuente: García Cambeiro WWW site, Jan. 30, 2015
  • Información encontrada: (in image of cover of Sarmiento periodista: Mercedes Sanguineti; in image of back flap of Sarmiento periodista: Mercedes Sanguineti)

670 ## - FUENTE DE DATOS ENCONTRADOS

  • Cita de la fuente: Univ. de San Andrés, Maestría en Periodismo WWW site, Jan. 20, 2015
  • Información encontrada: (Mercedes Sanguineti; one of our graduates and co-author of Sarmiento periodista)